000 00514nam a2200205Ia 4500
008 240510s9999 xx 000 0 und d
020 _a9789339212032
041 _aEng
082 _a658.404
082 _bL16
100 _aLARSON,ERIK W.;GRAY,CLIFFORD F.;DESAI,GAUTAM V.
245 0 _aProject Management: The Managerial Process
250 _a6th ed.
260 _bChennai:McGraw Hill Education
260 _c2004
300 _a917 p.
650 _aProject Management
942 _2ddc
942 _cRBK
999 _c29499
_d29499
945 _a1
_bMadushi Gamage
_c1
_dMadushi Gamage